000 02587nam0a2200397 i 4500
001 RU\NLR\BIBL_A\010199546
005 20260407103211.0
010 _a9785815605091
_9100
021 _aRU
_b13-107455
035 _a(NILC)RuMoRGB-006725523
035 _a(NLR Aleph) 010199546
090 _a10236310
_c10236310
100 _a20140303d2012 km y0rusy50 ca
101 0 _arus
102 _aRU
105 _aa|||7|||001yy
200 1 _aДиагностика эффективности личностного развития учителя в инновационном музыкально-образовательном процессе педагогического вуза
_eмонография
_f[И.С. Кобозева, Н.И. Чинякова, М.П. Миронова и др.]
_gпод науч. ред. д.п.н., проф. И.С. Кобозевой
_gМ-во образования и науки Рос. Федерации, Федер. гос. бюджет. образоват. учреждение высш. проф. образования "Морд. гос. пед. ин-т им. М.Е. Евсевьева"
210 _aСаранск
_cФГБОУ ВПО "Мордовский государственный педагогический институт имени М.Е. Евсевьева"
_d2012
215 _a188 с.
_cил.
_d21
300 _aАвт. указаны на обороте тит. с.
320 _aБиблиогр. в конце гл.
606 1 _aУчителя музыки
_xПодготовка
_92094780
_3RU\NLR\AUTH\661267547
606 1 _aВысшие педагогические учебные заведения
_xМузыкально-педагогические факультеты
_xСтуденты
_xПедагогическое изучение
_92261216
_3RU\NLR\AUTH\6601585601
675 _a378.637
686 1 _aЧ489.518.266.7
686 1 _aЧ489.511.1
701 1 _aКобозева
_bИ. С.
_gИнна Сергеевна
701 1 _aЧинякова
_bН. И.
_gНадежда Ивановна
701 1 _8rus
_7ca
_aМиронова
_bМ. П.
_cканд. пед. наук
_gМарина Петровна
_3RU\NLR\AUTH\77124102
_9107027
712 0 2 _aМордовский государственный педагогический институт им. М. Е. Евсевьева
_cСаранск
_3RU\NLR\AUTH\889931834
_9359069
801 0 _aRU
_bRuMoRKP
_c20140121
_gRCR
801 2 _aRU
_bРГБ
_c20140203
_grcr
942 _cBOOK
980 _aNBR